00807nam a2200217 a 450000100100000000500170001000800410002702000150006804000250008308200220010810000280013024500570015825000120021526000490022730000210027650000920029758600540038904900090044395201200045299900170057200003436420200930073647.0111003s1995 co 000 0 spa d a8482808947 aDO-SdBNPbspacBNPHU axxxxbS487n, 19951 aSerrano, Marcela95978810aNosotras que nos queremos tanto. /cMarcela Serrano. a18a ed. aSantafé de Bogotá :bOveja Negra,c1995. a295 p. ;c22 cm. aEn la cubierta: Premio a la mejor novela hispanoamericana de 1994 escrita por una mujer aPremio a la mejor novela hispanoamericana de 1994 aBNPD 001050718MOaGRbGRcCTd2011-10-03iLF1l0oxxxx S487n, 1995p34364-10r2020-06-25w2020-06-25y1ZNo se presta c33855d33855